Statistiken für Größte Städte Italiens

Klicken Sie hier um das Quiz zu spielen!

Allgemein

  • Dieses Quiz wurde 2,663 mal gespielt
  • Das Durchschnittsergebnis liegt bei 17 aus 46

Antwortstatistiken

Einwohner Stadt % Korrekt
2.874.529Rom
100%
1.353.467Mailand
98%
969.490Neapel
92%
261.496Venedig
90%
382.346Florenz
85%
885.651Turin
85%
672.398Palermo
74%
582.870Genua
74%
388.567Bologna
64%
257.815Verona
60%
323.503Bari
55%
107.231Bozen
48%
203.974Triest
47%
154.194Cagliari
42%
194.348Parma
40%
148.880Rimini
39%
120.358Bergamo
39%
311.651Catania
37%
209.475Padua
34%
158.606Livorno
30%
236.231Messina
30%
117.452Trient
28%
159.092Ravenna
28%
184.642Modena
28%
100.604Ancona
26%
196.205Brescia
24%
166.830Perugia
22%
199.153Tarent
22%
134.857Salerno
21%
121.933Syrakus
18%
123.158Monza
18%
182.323Reggio Calabria
18%
120.286Pescara
18%
132.221Ferrara
17%
112.040Vicenza
15%
127.386Sassari
14%
171.315Reggio Emilia
14%
151.563Foggia
14%
102.403Piacenza
13%
126.047Latina
11%
104.097Novara
9%
111.310Terni
9%
192.461Prato
9%
100.236Andria
8%
117.889Forlì
7%
123.862Giugliano in Campania
4%

Verteilung der Resultate

Perzentil nach korrekt beantworteten Fragen

Anzahl Personen mit jedem Resultat

Ihre Resultats-Entwicklung

Sie haben dieses Quiz noch nicht gespielt